| 000 | 00955nam a22002657a 4500 | ||
|---|---|---|---|
| 003 | OSt | ||
| 005 | 20250807023645.0 | ||
| 008 | 250807b |||||||| |||| 00| | eng d | ||
| 020 | _a9781496398178 | ||
| 040 | _cJMCFI - Learning Resource Center | ||
| 082 | _aMAHL/Med. 616.07'54 B329 2021 | ||
| 100 |
_aBickley, Lynn S _917977 |
||
| 245 |
_aBates' guide to physical examination and history taking / _cLynn S. Bickley [and three others]. |
||
| 250 | _aThirteenth edition. | ||
| 260 |
_aPhiladelphia : _bWolters Kluwer , _c2021. |
||
| 300 |
_axxxviii, 1201 pages : _bcolored, illus. ; _c27 cm |
||
| 500 | _aIncludes indexes. | ||
| 504 | _aIncludes bibliographical references. | ||
| 650 |
_aPhysical examination _xmethods. _917978 |
||
| 650 |
_aMedical history taking. _2methods. _940819 |
||
| 700 |
_aSzilagyi, Peter G _917980 |
||
| 700 |
_aHoffman, Richard M _917981 |
||
| 700 |
_aSoriano, Rainer P _940820 |
||
| 942 |
_2ddc _cBK _eThirteenth edition _n0 |
||
| 999 |
_c13114 _d13114 |
||